| 000 | 00524nam a2200181Ia 4500 | ||
|---|---|---|---|
| 008 | 100920s9999 xx 000 0 und d | ||
| 082 |
_b53791 _a24 थ 85 |
||
| 100 | _aकर्णिक मधुमंगेश. | ||
| 245 | _aकातळ. | ||
| 260 |
_bमॅजेस्टिक बुक स्टॉल, मुंबई.4. _c1985 |
||
| 300 |
_a113 _bसाधी |
||
| 365 | _b25 | ||
| 520 | _aसायो. | ||
| 630 | _aकातळ. | ||
| 650 | _aसायो. | ||
| 730 | _aकातळ. | ||
| 942 | _cBOOK | ||
| 999 |
_c698783 _d698780 |
||